[Event "Mid-Summer Challenge"]
[Site "SchemingMind.com"]
[Date "2020.08.18"]
[Round "-"]
[White "Mitch The Man"]
[Black "mochiron"]
[Result "1-0"]
[WhiteCountry "USA"]
[BlackCountry "JPN"]
[WhiteElo "1380"]
[WhiteRD "68"]
[BlackElo "1396"]
[BlackRD "82"]
[GameID "458821"]

1. e4 a6 2. Be2 d6 3. Bf3 e5 4. Ne2 Nf6 5. O-O Bd7 6. h3 Be7 7. Nec3 Nc6 8. Qe1 Nd4 9. Bd1 Qc8 10. Qe3 Bb5
11. Nxb5 Nxb5 12. c3 O-O 13. Ba4 d5 14. d3 d4 15. cxd4 exd4 16. Qe2 Nd6 17. f3 Nh5 18. Qf2 c5 19. Bd1 Bh4 20. Qxh4 g6
21. f4 Qe6 22. Bb3 c4 23. Bxc4 Nxc4 24. dxc4 Qxc4 25. b3 Qe6 26. Re1 Rac8 27. Nd2 Rc3 28. Kh2 f5 29. e5 Ng7 30. Bb2 Rd3
31. Bc1 Rxd2 32. Bxd2 d3 33. Rac1 Nh5 34. Bb4 d2 35. Bxf8 dxc1=Q 36. Rxc1 Kxf8 37. Qd8+ Kg7 38. Rc7+ Qf7 39. Rxf7+ Kxf7 40. Qd7+ Kf8
41. e6
1-0

[Event "Mid-Summer Challenge"]
[Site "SchemingMind.com"]
[Date "2020.08.18"]
[Round "-"]
[White "mochiron"]
[Black "Mitch The Man"]
[Result "0-1"]
[WhiteCountry "JPN"]
[BlackCountry "USA"]
[WhiteElo "1396"]
[WhiteRD "82"]
[BlackElo "1380"]
[BlackRD "68"]
[GameID "458822"]

1. b4 e5 2. Bb2 e4 3. e3 Nf6 4. Nh3 d5 5. Bb5+ c6 6. Be2 Be7 7. Nf4 O-O 8. h4 b5 9. Bxf6 Bxf6 10. h5 Bg5
11. Nc3 Bxf4 12. exf4 h6 13. Bg4 Bxg4 14. Ne2 Bc8 15. Ng3 Qf6 16. f5 Bxf5 17. Nxf5 Qxf5 18. Rh3 Nd7 19. Rg3 Ne5 20. Rb1 a6
21. Rbb3 Rfc8 22. d3 d4 23. Qe2 e3 24. Rf3 Nxf3+ 25. gxf3 exf2+ 26. Qxf2 Re8+ 27. Kf1 Re3 28. Kg2 Qg5+ 29. Kf1 Qxh5 30. Kg1 Rae8
31. Rb1 Qg5+ 32. Kh2 Qh5+ 33. Kg2 Re2 34. Qxe2 Rxe2+
0-1

[Event "Mid-Summer Challenge"]
[Site "SchemingMind.com"]
[Date "2020.08.23"]
[Round "-"]
[White "Mitch The Man"]
[Black "ray winteringham"]
[Result "1-0"]
[WhiteCountry "USA"]
[BlackCountry "ENG"]
[WhiteElo "1345"]
[WhiteRD "67"]
[BlackElo "1448"]
[BlackRD "48"]
[GameID "459236"]

1. e4 e5 2. Be2 Bc5 3. Nf3 d6 4. O-O Ne7 5. c3 f5 6. Bd3 O-O 7. exf5 Nxf5 8. b4 Bb6 9. Bxf5 Bxf5 10. d3 Nd7
11. Bg5 Qe8 12. Be3 Qg6 13. Ne1 a6 14. Bxb6 Nxb6 15. a4 Nd7 16. c4 b6 17. Kh1 e4 18. Ra3 exd3 19. Nxd3 Bxd3 20. Rxd3 Ne5
21. Rg3 Qe8 22. Qd5+ Kh8 23. Qd4 Rf7 24. Nd2 Qxa4 25. Qc3 Qd7 26. h3 Raf8 27. Nf3 h6 28. Kh2 Qe6 29. Re1 Qxc4 30. Qxc4 Nxc4
31. Re2 a5 32. bxa5 Nxa5 33. Kg1 c5 34. Nh4 Rd8 35. Ng6+ Kh7 36. h4 Rdd7 37. h5 Nc4 38. Re8
1-0

[Event "Mid-Summer Challenge"]
[Site "SchemingMind.com"]
[Date "2020.08.23"]
[Round "-"]
[White "ray winteringham"]
[Black "Mitch The Man"]
[Result "1-0"]
[WhiteCountry "ENG"]
[BlackCountry "USA"]
[WhiteElo "1448"]
[WhiteRD "48"]
[BlackElo "1345"]
[BlackRD "67"]
[GameID "459237"]

1. e4 e5 2. Nf3 d6 3. Bc4 Be7 4. h3 Bf6 5. d3 Ne7 6. Be3 O-O 7. O-O c6 8. Nbd2 d5 9. exd5 Qd6 10. Ne4 Qd8
11. dxc6 bxc6 12. a4 Nf5 13. Bc5 Ne7 14. b4 Re8 15. Nfg5 Nd5 16. Qh5 h6 17. Nxf6+ Qxf6 18. Ne4 Qg6 19. Qxg6 fxg6 20. Nd6 Rd8
21. Rfe1 Kh7 22. Rxe5 Bd7 23. Rae1 Nf6 24. Nf7 Re8 25. b5 Rxe5 26. Rxe5 cxb5 27. axb5 Na6 28. bxa6
1-0

[Event "Mid-Summer Challenge"]
[Site "SchemingMind.com"]
[Date "2020.08.28"]
[Round "-"]
[White "mochiron"]
[Black "ray winteringham"]
[Result "0-1"]
[WhiteCountry "JPN"]
[BlackCountry "ENG"]
[WhiteElo "1424"]
[WhiteRD "74"]
[BlackElo "1512"]
[BlackRD "49"]
[GameID "459238"]

1. f4 d5 2. Nf3 e6 3. e3 a6 4. Be2 Bd7 5. O-O h6 6. d4 c5 7. Ne5 c4 8. Nc3 Bb4 9. Bd2 Nc6 10. Nxc6 Bxc6
11. Bh5 Nf6 12. Bf3 Qe7 13. a3 Bd6 14. Bh5 O-O 15. Ne2 Nxh5 16. Nc3 b5 17. Qxh5 Be8 18. Rf3 f6 19. Qh3 Bd7 20. Rg3 Kf7
21. Qh5+ Kg8 22. Qxh6 Rf7 23. Qh5 g5 24. fxg5 Bxg3 25. hxg3 fxg5 26. Qe2 Kg7 27. e4 Qd6 28. e5 Qe7 29. Rf1 Rh8 30. Rxf7+ Kxf7
31. a4 b4 32. Na2 a5 33. b3 c3 34. Be3 Kg6 35. Qg4 Qh7 36. Qxg5+ Kf7 37. Qf6+ Ke8 38. Bg5 Rf8 39. Qd8+ Kf7 40. Qxd7+ Kg6
41. Qxe6+ Kxg5 42. Nc1 Qf7 43. Qxf7 Rxf7 44. Ne2 Kf5 45. g4+ Kxg4 46. e6 Re7 47. Kf2 Rxe6 48. g3 Rh6 49. Nf4 Rh2+ 50. Ke3 Rxc2
51. Nxd5 Rg2 52. Ke4 Rxg3 53. Ne3+ Kh3 54. Nc2 Rg2 55. Kd3 Kh4 56. d5 Rg8 57. Kc4 Rd8 58. Kc5 Kg5 59. d6 Kf6 60. Kb5 Rxd6
61. Kxa5 Rd2 62. Nxb4 Rd4 63. Nc2 Rd2 64. Nb4= Ke6 65. Kb6 Rb2 66. Nd3 c2 67. Nxb2 c1=Q 68. Nc4 Kd5 69. a5 Qh6+ 70. Kb5 Qc6+
71. Kb4 Ke6 72. Nb6 Qb7 73. Kb5 Kd6 74. b4 Kc7 75. Ka4 Qc6+ 76. b5 Qe4+ 77. Kb3 Kb7 78. Na4 Qd4 79. a6+ Ka7 80. Nc3 Kb6
81. Na4+ Kxb5 82. a7 Qxa4+ 83. Kc3 Qxa7
0-1

[Event "Mid-Summer Challenge"]
[Site "SchemingMind.com"]
[Date "2020.08.28"]
[Round "-"]
[White "ray winteringham"]
[Black "mochiron"]
[Result "1-0"]
[WhiteCountry "ENG"]
[BlackCountry "JPN"]
[WhiteElo "1446"]
[WhiteRD "48"]
[BlackElo "1396"]
[BlackRD "82"]
[GameID "459239"]

1. e4 c6 2. d4 d5 3. e5 Bf5 4. h3 e6 5. Be2 Bb4+ 6. c3 Ba5 7. Nf3 Be4 8. Bd3 Nd7 9. b4 Bxf3 10. Qxf3 Bc7
11. Be3 Qe7 12. Nd2 Nh6 13. Bxh6 gxh6 14. a4 c5 15. b5 Ba5 16. Rc1 cxd4 17. cxd4 Bxd2+ 18. Kxd2 Qb4+ 19. Ke2 Qxd4 20. Rhe1 Nxe5
21. Qg3 Kd7 22. Rcd1 Rhg8 23. Qh2 Nxd3 24. Rxd3 Qb2+ 25. Rd2 Qc3 26. Qf4 Rgf8 27. Rc1 Qa5 28. Rdc2 Rfc8 29. Qxf7+ Kd6 30. Rxc8 Rxc8
31. Rxc8
1-0

[Event "Mid-Summer Challenge"]
[Site "SchemingMind.com"]
[Date "2020.08.29"]
[Round "-"]
[White "Mitch The Man"]
[Black "Goz"]
[Result "0-1"]
[WhiteCountry "USA"]
[BlackCountry "ENG"]
[WhiteElo "1380"]
[WhiteRD "68"]
[BlackElo "1507"]
[BlackRD "70"]
[GameID "459474"]

1. e4 e5 2. Nf3 d6 3. Bc4 h6 4. O-O Nf6 5. d3 c6 6. h3 b5 7. Bb3 a5 8. a3 a4 9. Ba2 Bb7 10. Be3 c5
11. Nh4 Be7 12. Nf5 O-O 13. Nxe7+ Qxe7 14. Nd2 Nbd7 15. c3 Ra6 16. b3 c4 17. dxc4 bxc4 18. Nxc4 Nxe4 19. Rc1 axb3 20. Bxb3 d5
21. Nd2 Nxd2 22. Bxd2 Rxa3 23. Rb1 Rfa8 24. Re1 Qf6 25. Qc2 e4 26. Be3 Ne5 27. Bd4 Qf5 28. Kh2 Nd3 29. Rg1 Qf4+ 30. g3 Qf3
31. Be3 Ne5 32. Bc5 R3a6 33. Rbe1 Qf6 34. Rgf1 Nf3+ 35. Kg2 Nxe1+ 36. Rxe1 Qf3+ 37. Kh2 Rg6 38. Bd6 Rxd6 39. Re3 Qf5 40. Qd2 Rad8
41. Kg2 d4 42. cxd4 Rxd4 43. Qe1 Rd2 44. Qf1 R8d3
0-1

[Event "Mid-Summer Challenge"]
[Site "SchemingMind.com"]
[Date "2020.08.28"]
[Round "-"]
[White "Goz"]
[Black "Mitch The Man"]
[Result "1-0"]
[WhiteCountry "ENG"]
[BlackCountry "USA"]
[WhiteElo "1507"]
[WhiteRD "70"]
[BlackElo "1380"]
[BlackRD "68"]
[GameID "459475"]

1. e3 e5 2. Nf3 Bd6 3. d3 Nf6 4. Be2 O-O 5. O-O a6 6. e4 b5 7. Bg5 Qe8 8. Bxf6 gxf6 9. Nh4 Kh8 10. Nf5 Bc5
11. Bh5 d6 12. Nh6 Be6 13. Qf3 Nd7 14. Nf5 Bxf5 15. Qxf5 Rg8 16. Qh3 Nf8 17. Nd2 Rg7 18. Nf3 Kg8 19. Nh4 Rg5 20. Nf5 Kh8
21. Nh6 Ng6 22. Kh1 Qf8 23. Bxg6 Rxg6 24. Nf5 Rd8 25. g4 a5 26. f3 b4 27. Qg3 a4 28. h4 h5 29. Kg2 hxg4 30. fxg4 Rd7
31. Rh1 Kh7 32. g5 fxg5 33. hxg5+ Kg8 34. Rh3 f6 35. Rh5 Kf7 36. Rh7+ Ke8 37. Qh3 Rxh7 38. Qxh7 Rxg5+ 39. Kf3 Bb6 40. Rh1 Kd8
41. Qh8 Rg8 42. Qh2 Kc8 43. Qd2 c5 44. a3 Ba5 45. c3 bxc3 46. bxc3 Qd8 47. Rb1 Rg5 48. Qb2 Kd7 49. Qb7+ Bc7 50. Qb5+
1-0

[Event "Mid-Summer Challenge"]
[Site "SchemingMind.com"]
[Date "2020.09.02"]
[Round "-"]
[White "mochiron"]
[Black "Goz"]
[Result "1-0"]
[WhiteCountry "JPN"]
[BlackCountry "ENG"]
[WhiteElo "1427"]
[WhiteRD "74"]
[BlackElo "1489"]
[BlackRD "68"]
[GameID "459476"]

1. f4 d5 2. Nf3 Nc6 3. e3 Nf6 4. Be2 e6 5. O-O Bd6 6. d4 Ne4 7. Nc3 f5 8. Nxe4 fxe4 9. Ne5 Bxe5 10. fxe5 Ne7
11. Bd2 c6 12. Bg4 Nf5 13. Bxf5 exf5 14. Qh5+ g6 15. Qe2 Be6 16. Bb4 b5 17. Bd6 Kd7 18. a4 a6 19. axb5 axb5 20. Rxa8 Qxa8
21. b3 Qa2 22. Rc1 Qb2 23. Qd2 Ra8 24. Rf1 Ra1 25. Rxa1 Qxa1+ 26. Kf2 g5 27. Qb4 Qd1 28. Qa5 Qxc2+ 29. Ke1 Ke8 30. Qa8+ Kf7
31. Qf8+ Kg6 32. Qe8+ Kh6 33. Bf8#
1-0

[Event "Mid-Summer Challenge"]
[Site "SchemingMind.com"]
[Date "2020.09.02"]
[Round "-"]
[White "Goz"]
[Black "mochiron"]
[Result "1-0"]
[WhiteCountry "ENG"]
[BlackCountry "JPN"]
[WhiteElo "1519"]
[WhiteRD "65"]
[BlackElo "1424"]
[BlackRD "74"]
[GameID "459477"]

1. d4 f5 2. c4 Nf6 3. Nc3 e6 4. a3 d6 5. e3 Be7 6. Be2 O-O 7. Nf3 Nc6 8. O-O Bd7 9. b4 Ne4 10. Bb2 Nxc3
11. Bxc3 a5 12. b5 Nb8 13. a4 b6 14. h3 Bh4 15. g3 Bf6 16. h4 Be8 17. Nh2 e5 18. d5 e4 19. Qc2 Bxh4 20. gxh4 Qxh4
21. f4 Bh5 22. Bxh5 Qxh5 23. Rf2 Qe8 24. Rg2 Rf7 25. Kh1 Ra7 26. Rag1 c6 27. bxc6 Nxc6 28. dxc6 Qxc6 29. Bd4 d5 30. Nf1 g6
31. Nd2 Kf8 32. c5 g5 33. Rxg5 Qh6+ 34. Kg2 Rac7 35. Nb3 Rc6 36. Kf1 Qh3+ 37. Qg2 Qxg2+ 38. R1xg2 bxc5 39. Nxc5 Rg6 40. Rxg6 hxg6
41. Rxg6 Rh7 42. Rf6+ Ke7 43. Rxf5 Rh1+ 44. Kg2 Rb1 45. Rxd5 Kf7 46. Re5 Kg6 47. Rxe4 Kf5 48. Re5+ Kg4 49. Rg5+ Kh4 50. Bf6 Rb6
51. Bd8 Rb2+ 52. Kf3 Rd2 53. Rd5+
1-0

[Event "Mid-Summer Challenge"]
[Site "SchemingMind.com"]
[Date "2020.08.29"]
[Round "-"]
[White "Goz"]
[Black "ray winteringham"]
[Result "1-0"]
[WhiteCountry "ENG"]
[BlackCountry "ENG"]
[WhiteElo "1507"]
[WhiteRD "70"]
[BlackElo "1446"]
[BlackRD "48"]
[GameID "459478"]

1. d4 d5 2. e3 Bf5 3. Bd3 Qd7 4. Nf3 Nc6 5. Bxf5 Qxf5 6. O-O g6 7. Nbd2 Bg7 8. Nh4 Qd7 9. Nb3 b6 10. Qf3 Nf6
11. Bd2 O-O 12. a4 a5 13. Bc3 e6 14. Nd2 Ne8 15. Ra2 Qd8 16. Qh3 Ne7 17. Rfa1 c6 18. f4 f5 19. Nhf3 Nf6 20. Ng5 h6
21. Nxe6 Qc8 22. Nxf8 Qxf8 23. b4 Qe8 24. Nf3 Ne4 25. Be1 Kf7 26. c3 axb4 27. cxb4 Qb8 28. Rc1 b5 29. a5 Ng8 30. g4 fxg4
31. Qxg4 Qd6 32. Ne5+ Bxe5 33. fxe5 Qe7 34. Bh4 Qe8 35. Rg2 g5 36. Rf1+ Ke7 37. Be1 Qg6 38. h4 h5 39. Qf5 Qxf5 40. Rxf5 Nh6
41. Rf3 g4 42. Rf4 Rf8 43. Rxf8 Kxf8 44. a6
1-0

[Event "Mid-Summer Challenge"]
[Site "SchemingMind.com"]
[Date "2020.08.29"]
[Round "-"]
[White "ray winteringham"]
[Black "Goz"]
[Result "1-0"]
[WhiteCountry "ENG"]
[BlackCountry "ENG"]
[WhiteElo "1446"]
[WhiteRD "48"]
[BlackElo "1507"]
[BlackRD "70"]
[GameID "459479"]

1. e4 e5 2. Nf3 d6 3. h3 Nf6 4. Nc3 Be6 5. Be2 Be7 6. b3 O-O 7. Bb2 a6 8. d3 b5 9. O-O c6 10. b4 Nbd7
11. Qd2 a5 12. a3 a4 13. Nh2 d5 14. exd5 Nxd5 15. Ne4 f5 16. Ng3 Nf4 17. Bf3 Rc8 18. Ne2 Bf6 19. Nxf4 exf4 20. Bxf6 Nxf6
21. Qxf4 Nd5 22. Qe5 Qe8 23. Qe1 Qg6 24. Bxd5 Bxd5 25. f3 Rce8 26. Qf2 Re6 27. Rfe1 Rfe8 28. Rxe6 Rxe6 29. Nf1 f4 30. Nd2 Qh6
31. Qb6 g5 32. Qd8+ Kf7 33. c4 Qh4 34. cxd5 Re2 35. Qd7+ Kg6 36. Qg4 Qf2+ 37. Kh1 cxd5 38. Rf1 Qe3 39. Nb1 Qxd3 40. h4 h6
41. h5+ Kf6 42. Qc8 Qd2 43. Nxd2 Rxd2 44. Qc3+
1-0

[Event "Mid-Summer Challenge"]
[Site "SchemingMind.com"]
[Date "2020.09.01"]
[Round "-"]
[White "Mitch The Man"]
[Black "Kenny Elliott"]
[Result "1-0"]
[WhiteCountry "USA"]
[BlackCountry "USA"]
[WhiteElo "1380"]
[WhiteRD "68"]
[BlackElo "1504"]
[BlackRD "64"]
[GameID "459545"]

1. e4 c5 2. c4 d6 3. Be2 Nf6 4. Bf3 e5 5. Ne2 Nc6 6. O-O Be7 7. a3 O-O 8. b3 Bg4 9. Bxg4 Nxg4 10. d3 Bg5
11. Bxg5 Qxg5 12. h3 Nf6 13. Kh2 Nh5 14. Nd2 f5 15. Nf3 Qf6 16. exf5 Nf4 17. Nxf4 exf4 18. Rb1 Qxf5 19. Nh4 Qf6 20. Nf3 Ne5
21. Nxe5 dxe5 22. Qf3 b6 23. Qd5+ Kh8 24. Qf3 Rad8 25. Rfe1 Rd4 26. a4 Rfd8 27. Rbd1 h6 28. Rd2 a6 29. Red1 b5 30. axb5 axb5
31. Re1 bxc4 32. bxc4 Qf5 33. Red1 Kh7 34. g3 fxg3+ 35. Kxg3 Rf4 36. Qe3 Rh4 37. Kxh4 Rd4+ 38. Kg3 g5 39. Kg2 g4 40. Rh1 e4
41. hxg4 Qxg4+ 42. Kf1 exd3 43. Qxh6+ Kg8 44. Qh8+ Kf7 45. Rh7+ Ke6 46. Qe8+ Kf5 47. Rf7+ Kg5 48. Rg7+ Kh4 49. Rxg4+ Rxg4 50. Qh8+ Kg5
51. Rxd3
1-0

[Event "Mid-Summer Challenge"]
[Site "SchemingMind.com"]
[Date "2020.09.01"]
[Round "-"]
[White "Kenny Elliott"]
[Black "Mitch The Man"]
[Result "1-0"]
[WhiteCountry "USA"]
[BlackCountry "USA"]
[WhiteElo "1545"]
[WhiteRD "61"]
[BlackElo "1345"]
[BlackRD "67"]
[GameID "459546"]

1. d4 d5 2. Nf3 e6 3. c4 Be7 4. cxd5 Qxd5 5. Nc3 Qd8 6. Bf4 Bf6 7. e4 Be7 8. Qb3 Nh6 9. Nb5 Bd6 10. Nxd6+ Kf8
11. Nxb7 Bxb7 12. Qxb7 Nd7 13. Qxc7 Qe8 14. Bb5 Qd8 15. Qxd7 Qxd7 16. Bxd7 Ng8 17. Bd6+
1-0

[Event "Mid-Summer Challenge"]
[Site "SchemingMind.com"]
[Date "2020.09.05"]
[Round "-"]
[White "Kenny Elliott"]
[Black "mochiron"]
[Result "1/2-1/2"]
[WhiteCountry "USA"]
[BlackCountry "JPN"]
[WhiteElo "1534"]
[WhiteRD "61"]
[BlackElo "1427"]
[BlackRD "74"]
[GameID "459547"]

1. d4 f5 2. c4 Nf6 3. Nc3 e6 4. a3 d6 5. Bg5 Be7 6. e3 O-O 7. Bxf6 Bxf6 8. g3 Bd7 9. Bg2 Nc6 10. d5 Bxc3+
11. bxc3 Ne5 12. dxe6 Bxe6 13. Bd5 Bxd5 14. cxd5 Nc4 15. Qb3 Na5 16. Qb5 b6 17. Ne2 Qf6 18. O-O Nb7 19. Nd4 Rae8 20. Ne6 Rxe6
21. dxe6 Qxe6 22. Qc6 Nd8 23. Qa4 Nf7 24. Qf4 g5 25. Qf3 Ne5 26. Qg2 g4 27. f3 gxf3 28. Rxf3 Nxf3+ 29. Qxf3 Qb3 30. Rf1 Qxc3
31. g4 Rf7 32. gxf5 Rg7+ 33. Kh1 c6 34. f6 Rf7 35. Rg1+ Kf8 36. Qf5 Qxf6 37. Qc8+ Ke7 38. Qc7+ Ke6 39. Qc8+ Ke5 40. Qe8+ Re7
41. Qc8 Qf3+ 42. Rg2 Qf1+ 43. Rg1 Qf3+= 44. Rg2 Qf1+ 45. Rg1 Qf3+
1/2-1/2

[Event "Mid-Summer Challenge"]
[Site "SchemingMind.com"]
[Date "2020.09.05"]
[Round "-"]
[White "mochiron"]
[Black "Kenny Elliott"]
[Result "0-1"]
[WhiteCountry "JPN"]
[BlackCountry "USA"]
[WhiteElo "1427"]
[WhiteRD "74"]
[BlackElo "1534"]
[BlackRD "61"]
[GameID "459548"]

1. b4 e5 2. Bb2 e4 3. e3 b5 4. Bxb5 Nf6 5. d4 exd3 6. Bxf6 Qxf6 7. Na3 Bxb4+ 8. Kf1 d2 9. Nc4 Bb7 10. Rb1 Bc3
11. Nxd2 Qg5 12. f3 Qxe3 13. Qe2 Bxd2 14. Qxe3+ Bxe3 15. Re1 O-O 16. Rxe3 a6 17. Bd3 Nc6 18. Ne2 Rfe8 19. Rxe8+ Rxe8 20. Kf2 Nb4
21. Rb1 Nxd3+ 22. cxd3 Bc6 23. h4 Bb5 24. Nf4 c6 25. h5 h6 26. Rb2 Kf8 27. a4 Bxa4 28. d4 Bb5 29. d5 a5 30. dxc6 dxc6
31. Rd2 a4 32. g4 a3 33. Nh3 Ra8 34. g5 a2 35. gxh6 gxh6 36. Rd1 a1=Q 37. Rxa1 Rxa1
0-1

[Event "Mid-Summer Challenge"]
[Site "SchemingMind.com"]
[Date "2020.09.04"]
[Round "-"]
[White "Kenny Elliott"]
[Black "Goz"]
[Result "1/2-1/2"]
[WhiteCountry "USA"]
[BlackCountry "ENG"]
[WhiteElo "1534"]
[WhiteRD "61"]
[BlackElo "1489"]
[BlackRD "68"]
[GameID "459549"]

1. d4 Nf6 2. c4 d5 3. Nc3 c6 4. e3 Bd7 5. Nf3 e6 6. c5 Be7 7. Qb3 Qc7 8. Ne5 O-O 9. Bd3 b5 10. cxb6 axb6
11. O-O c5 12. Bb5 c4 13. Qd1 Nc6 14. Bxc6 Bxc6 15. b3 cxb3 16. Qxb3 Ne4 17. Nxe4 dxe4 18. Qc3 Rfc8 19. Bb2 Bd5 20. Qxc7 Rxc7
21. a4 Bb3 22. Rfc1 Rc2 23. Rxc2 Bxc2 24. Nc4 b5 25. axb5 Rb8 26. b6 Bb3 27. b7 Bxc4 28. Ra8 Bd6 29. Ba3 Bc7 30. Bc5 Bd5
31. Ba7 Bxb7 32. Rxb8+ Bxb8 33. Bxb8 Kf8 34. h4 Ba6 35. g4 Be2 36. g5 f6 37. gxf6 gxf6 38. Kg2 h5 39. Kg3 Ke7 40. Kf4 f5
41. Ke5 Bc4 42. Bd6+ Kf7 43. Bc5 Bd5 44. Kf4 Kg6 45. Ke5=
1/2-1/2

[Event "Mid-Summer Challenge"]
[Site "SchemingMind.com"]
[Date "2020.09.01"]
[Round "-"]
[White "Goz"]
[Black "Kenny Elliott"]
[Result "0-1"]
[WhiteCountry "ENG"]
[BlackCountry "USA"]
[WhiteElo "1489"]
[WhiteRD "68"]
[BlackElo "1534"]
[BlackRD "61"]
[GameID "459550"]

1. d4 Nf6 2. e3 g6 3. c4 Bg7 4. Nc3 d6 5. h3 O-O 6. Bd3 c5 7. d5 e6 8. e4 exd5 9. cxd5 Nbd7 10. Nge2 Ne5
11. Bc2 a6 12. O-O b5 13. b3 b4 14. Na4 Bd7 15. Bf4 Bxa4 16. bxa4 Nc4 17. Rb1 Na3 18. Rb3 a5 19. Rg3 Nh5 20. Rg4 Nxf4
21. Nxf4 Be5 22. h4 Nxc2 23. Qxc2 Qf6 24. Nh5 Qd8 25. f4 Bd4+ 26. Kh2 Kh8 27. Ng3 h5 28. Rg5 Bf6 29. Rf3 Bxg5 30. hxg5 Rc8
31. Nf1 c4 32. Nd2 c3 33. Nb3 Kg7 34. Nd4 Qd7 35. Nc6 Qg4 36. Nxa5 Qh4+ 37. Kg1 Qe1+ 38. Rf1 Qe3+ 39. Rf2 h4 40. Nc6 Rh8
41. Kf1 h3 42. gxh3 Rxh3 43. a5 Rh1+
0-1

[Event "Mid-Summer Challenge"]
[Site "SchemingMind.com"]
[Date "2020.09.01"]
[Round "-"]
[White "Kenny Elliott"]
[Black "ray winteringham"]
[Result "1-0"]
[WhiteCountry "USA"]
[BlackCountry "ENG"]
[WhiteElo "1545"]
[WhiteRD "61"]
[BlackElo "1448"]
[BlackRD "48"]
[GameID "459551"]

1. d4 d5 2. Nf3 h6 3. Nc3 Nf6 4. Bf4 e6 5. a3 Be7 6. Nb5 Bd7 7. Nxc7+ Kf8 8. Nxa8 Bc6 9. Bc7 Qd7 10. Ne5 Qc8
11. e3 b6 12. Bd3 Bxa8 13. Bxb8 Qxb8 14. O-O Bd6 15. Qf3 Bxe5 16. dxe5 Qxe5 17. Rab1 g6 18. b4 Kg7 19. Rfe1 Qg5 20. Qd1 d4
21. Bf1 Nh5 22. Qxd4+ Kh7 23. Qd7 Qf5 24. Qxa7 Kg7 25. Qxb6 Qxc2 26. Rbc1 Qa4 27. Qd4+ Kh7 28. Rc7 Qe8 29. Bc4 Ng7 30. Qf6 Rf8
31. Re7 Qc6 32. Bf1 Kg8 33. Qd4 Nf5 34. Qc5 Qxc5 35. bxc5 Rc8 36. Ra7 Bd5 37. e4
1-0

[Event "Mid-Summer Challenge"]
[Site "SchemingMind.com"]
[Date "2020.09.01"]
[Round "-"]
[White "ray winteringham"]
[Black "Kenny Elliott"]
[Result "0-1"]
[WhiteCountry "ENG"]
[BlackCountry "USA"]
[WhiteElo "1446"]
[WhiteRD "48"]
[BlackElo "1504"]
[BlackRD "64"]
[GameID "459552"]

1. g3 e5 2. Bg2 d5 3. e3 Nf6 4. Ne2 Bc5 5. d3 Nc6 6. Bd2 e4 7. d4 Bb6 8. Nbc3 Bg4 9. Qc1 O-O 10. b3 Qd7
11. Qb2 Bf3 12. Bxf3 exf3 13. Nf4 Ne4 14. Nxe4 dxe4 15. O-O-O Ne7 16. Kb1 Rad8 17. c4 c5 18. dxc5 Bxc5 19. Bb4 Qc6 20. Bc3 f6
21. Nh5 Rxd1+ 22. Rxd1 Nf5 23. Nf4 b5 24. Rd5 Nxe3 25. fxe3 Bxe3 26. Rxb5 f2 27. Qe2 Bxf4 28. gxf4 e3 29. Rd5 Qc7 30. Rd4 Re8
31. Bb4 a5 32. Ba3 Qb7 33. Rd1 Qe4+ 34. Ka1 Qxf4 35. h3 Qh2 36. Bc5 Qxh3 37. a3 h5 38. Rf1 Qg3 39. Qxh5 Qe5+ 40. Qxe5 Rxe5
41. Bxe3 Rxe3 42. Rxf2 Rxb3 43. Ka2 a4 44. Rf4 Kf7 45. c5 Rc3 46. Rxa4 Rxc5 47. Rd4 g5 48. Kb3 Kg6 49. a4 f5 50. Kb4 Re5
51. a5 g4 52. a6 g3 53. a7 Re8 54. Rd1 Ra8 55. Rg1 f4 56. Kc3 Rxa7 57. Kd4 Re7 58. Kd3 Kg5 59. Kd2 Kg4 60. Kd1 Kh3
0-1

[Event "Mid-Summer Challenge"]
[Site "SchemingMind.com"]
[Date "2020.09.03"]
[Round "-"]
[White "Mitch The Man"]
[Black "maro"]
[Result "0-1"]
[WhiteCountry "USA"]
[BlackCountry "MEX"]
[WhiteElo "1345"]
[WhiteRD "67"]
[BlackElo "1391"]
[BlackRD "59"]
[GameID "459661"]

1. e4 e5 2. Nf3 Nc6 3. Bc4 Nf6 4. Bxf7+ Kxf7 5. Qe2 h6 6. O-O d5 7. d3 d4 8. h3 Be7 9. a3 Rf8 10. Bd2 Kg8
11. b4 a6 12. Bc1 Nh5 13. Kh2 Bg5 14. Nxg5 Nf4 15. Bxf4 exf4 16. Nf3 Qe8 17. Rh1 Qh5 18. Kg1 Ne5 19. g4 fxg3 20. fxg3 Nxf3+
21. Kg2 Bxh3+ 22. Kf2 Nh2+ 23. Ke1 Nf3+ 24. Kd1 Qg4 25. Nd2 Nxd2 26. Kxd2 Qg5+ 27. Kd1 Bg4
0-1

[Event "Mid-Summer Challenge"]
[Site "SchemingMind.com"]
[Date "2020.09.03"]
[Round "-"]
[White "maro"]
[Black "Mitch The Man"]
[Result "1-0"]
[WhiteCountry "MEX"]
[BlackCountry "USA"]
[WhiteElo "1391"]
[WhiteRD "59"]
[BlackElo "1345"]
[BlackRD "67"]
[GameID "459662"]

1. e4 e5 2. Nf3 d6 3. Bc4 Be7 4. Nc3 c6 5. d3 Bf6 6. O-O Ne7 7. Bg5 Bxg5 8. Nxg5 d5 9. exd5 O-O 10. dxc6 bxc6
11. Qf3 Nf5 12. Qh3 Nh6 13. Qe3 Qe8 14. Qe4 Bf5 15. Qf3 Qc8 16. h3 Kh8 17. g4 Be6 18. Bxe6 fxe6 19. Qe4 g6 20. Qxe5+ Kg8
21. Nce4 Qd8 22. Qxe6+ Kh8 23. Qe5+ Kg8 24. Ne6
1-0

[Event "Mid-Summer Challenge"]
[Site "SchemingMind.com"]
[Date "2020.09.04"]
[Round "-"]
[White "Kenny Elliott"]
[Black "maro"]
[Result "1-0"]
[WhiteCountry "USA"]
[BlackCountry "MEX"]
[WhiteElo "1545"]
[WhiteRD "61"]
[BlackElo "1391"]
[BlackRD "59"]
[GameID "459663"]

1. d4 Nf6 2. c4 c5 3. dxc5 Qa5+ 4. Nc3 Qxc5 5. e3 e6 6. Nf3 Be7 7. Be2 b6 8. e4 Ng4 9. O-O O-O 10. Nd4 Ne5
11. b3 Bb7 12. Be3 Nbc6 13. Nxe6 Qd6 14. Nxf8 Bxf8 15. Nd5 Nb4 16. Bf4 Nxd5 17. exd5 Qf6 18. Bxe5 Qxe5 19. Bf3 d6 20. Re1 Qf5
21. Qd2 h6 22. Re3 g5 23. Rae1 g4 24. Bxg4 Qf6 25. Rg3 Kh7 26. Qc2+ Kh8 27. Bh5 Bc8 28. Qd1 Bf5 29. Ree3 Bg7 30. Ref3 Re8
31. Rxg7 Qxg7 32. Rxf5 Qd4 33. Qc1 Kh7 34. Rxf7+ Kg8 35. Rxa7 Rf8 36. Bf3 Re8 37. Qb1
1-0

[Event "Mid-Summer Challenge"]
[Site "SchemingMind.com"]
[Date "2020.09.04"]
[Round "-"]
[White "maro"]
[Black "Kenny Elliott"]
[Result "0-1"]
[WhiteCountry "MEX"]
[BlackCountry "USA"]
[WhiteElo "1391"]
[WhiteRD "59"]
[BlackElo "1545"]
[BlackRD "61"]
[GameID "459664"]

1. e4 c5 2. Bc4 d6 3. Qf3 Nf6 4. e5 dxe5 5. Nc3 Bg4 6. Qxb7 Nbd7 7. Qb3 e6 8. Nb5 a6 9. Nc3 Be7 10. f3 Bf5
11. Nge2 O-O 12. g4 Rb8 13. Qa3 Bxc2 14. Bxa6 Nxg4 15. fxg4 Bh4+ 16. Ng3 Qg5 17. d4 Qxg4 18. Be2 Bxg3+ 19. hxg3 Qxg3+ 20. Kd2 Ra8
21. Na4 Qxa3 22. bxa3 Bxa4 23. Bd3 exd4 24. Bxh7+ Kh8 25. Be4+ Kg8 26. Bxa8 Rxa8 27. Kd3 e5 28. Bd2 Bb5+ 29. Kc2 Rxa3 30. Kb2 Ra6
31. Rag1 Bc6 32. Rh6 f6 33. Rh4 Kf7 34. Rh7 c4 35. Rhxg7+ Ke6 36. Ka1 c3 37. Bh6 d3 38. Kb1 c2+ 39. Kc1 Rxa2 40. Kd2 e4
41. Re1 Ne5 42. Bf4 Nf3+
0-1

[Event "Mid-Summer Challenge"]
[Site "SchemingMind.com"]
[Date "2020.09.08"]
[Round "-"]
[White "mochiron"]
[Black "maro"]
[Result "1-0"]
[WhiteCountry "JPN"]
[BlackCountry "MEX"]
[WhiteElo "1396"]
[WhiteRD "82"]
[BlackElo "1448"]
[BlackRD "57"]
[GameID "459665"]

1. d4 d5 2. Bf4 e6 3. Nf3 Bd6 4. e3 Bxf4 5. exf4 Nf6 6. Nc3 Qd6 7. Ne5 O-O 8. Be2 b6 9. O-O Ba6 10. Bxa6 Nxa6
11. g3 c5 12. Ng4 Nxg4 13. Qxg4 f5 14. Qd1 cxd4 15. Nb5 Qd7 16. Nxd4 Nc5 17. Nb3 Na4 18. Nd4 a6 19. Rb1 Nc5 20. b4 Ne4
21. Re1 Nc3 22. Qf3 Nxb1 23. Rxb1 Qa4 24. Nxe6 Rfe8 25. Qxd5 Kh8 26. Re1 Rad8 27. Nxd8 Rxe1+ 28. Kg2 Qe8 29. Qa8 Kg8 30. Qd5+ Kf8
31. Qd6+ Re7 32. Nb7 Kf7 33. Qd5+ Kg6 34. Nd6 Qd8 35. Qxf5+ Kh6 36. Qg5#
1-0